书目信息 |
| 题名: |
陕西蓝田公王岭更新世哺乳动物群
|
|
| 作者: | 胡长庚 , 齐陶 著 | |
| 分册: | ||
| 出版信息: | 北京 科学出版社 1978.11 |
|
| 页数: | ||
| 开本: | ||
| 丛书名: | 中国古生物志 | |
| 单 册: | ||
| 中图分类: | Q915.86 | |
| 科图分类: | ||
| 主题词: | 古动物学 | |
| 电子资源: | ||
| ISBN: | ||
| 000 | 00693nam0 2200229 45 | |
| 001 | 0405251054 | |
| 005 | 20040525104230.4 | |
| 010 | @dCNY1.80 | |
| 091 | @a13031.833 | |
| 100 | @a20040525d1978 km y0chiy0120 ea | |
| 101 | 0 | @achi |
| 105 | @a z 000yy | |
| 200 | 1 | @a陕西蓝田公王岭更新世哺乳动物群@AShan Xi Lan Tian Gong Wang Ling Geng Xin Shi Bu Ru Dong Wu Qun@f胡长庚,齐陶著@FHu Chang Geng,Qi Tao Zhu |
| 210 | @a北京@c科学出版社@d1978.11 | |
| 225 | @a中国古生物志@h总号第155号新丙种第21号 | |
| 410 | @12001 @a中国古生物志 | |
| 606 | 0 | @a古动物学 |
| 690 | @aQ915.86@v3 | |
| 701 | 0 | @a胡长庚@4著 |
| 701 | 0 | @a齐陶@4著 |
| 801 | @aCN@bPftUser@c20040525 | |
| 905 | @f1@b8214@dQ915.86@e2 | |
| 陕西蓝田公王岭更新世哺乳动物群/胡长庚,齐陶著.-北京:科学出版社,1978.11 |
| (中国古生物志.总号第155号新丙种第21号) |
| ISBN :CNY1.80 |
| ● |
| 相关链接 |
|
|
|
|
正题名:陕西蓝田公王岭更新世哺乳动物群
索取号:Q915.86/2
 
预约/预借
| 序号 | 登录号 | 条形码 | 馆藏地/架位号 | 状态 | 备注 |
| 1 | 0008214 | 000702485 | 第三借阅区/ [索取号:Q915.86/2] | 在馆 |